|
|
|
|
| LEADER |
02463nam a2200397 a 4500 |
| 001 |
EBC837198 |
| 003 |
MiAaPQ |
| 005 |
20200520144314.0 |
| 006 |
m o d | |
| 007 |
cr cn||||||||| |
| 008 |
070820s2008 cau sb s001 0 eng |
| 010 |
|
|
|z 2007033594
|
| 020 |
|
|
|z 9780520255258 (cloth : alk. paper)
|
| 020 |
|
|
|z 0520255259 (cloth : alk. paper)
|
| 035 |
|
|
|a (MiAaPQ)EBC837198
|
| 035 |
|
|
|a (Au-PeEL)EBL837198
|
| 035 |
|
|
|a (CaPaEBR)ebr10343499
|
| 035 |
|
|
|a (CaONFJC)MIL235942
|
| 035 |
|
|
|a (OCoLC)503441968
|
| 040 |
|
|
|a MiAaPQ
|c MiAaPQ
|d MiAaPQ
|
| 043 |
|
|
|a n-us---
|
| 050 |
|
4 |
|a HD8055.A5
|b F57 2008
|
| 082 |
0 |
4 |
|a 331.880973
|2 22
|
| 100 |
1 |
|
|a Fletcher, Bill,
|c Jr.
|
| 245 |
1 |
0 |
|a Solidarity divided
|h [electronic resource] :
|b the crisis in organized labor and a new path toward social justice /
|c Bill Fletcher Jr., Fernando Gapasin.
|
| 260 |
|
|
|a Berkeley :
|b University of California Press,
|c c2008.
|
| 300 |
|
|
|a xiii, 304 p.
|
| 504 |
|
|
|a Includes bibliographical references (p. 279-286) and index.
|
| 505 |
0 |
|
|a Challenges facing the U.S. labor movement -- Dukin' it out : building the labor movement -- The new deal -- The cold war on labor -- The civil rights movements, the left, and labor -- The revolution will not be televised -- Whose welfare matters, anyway? -- What's left for us? -- Organizing to organize the unorganized -- Sweeney's grand gesture -- The new voice coalition takes office -- Developing strategy in times of change -- Globalization : the biggest strategic challenge -- Could'a, would'a, should'a : central labor councils and missed opportunities -- International affairs, globalization, and 9/11 -- When silence isn't golden -- Restlessness in the ranks -- Change to win : a return to gompers? -- Anger, compromise, and the paralysis of the Sweeney coalition -- Left behind -- The way forward : social justice unionism -- The need for social justice unionism -- The need for a global outlook -- Realizing social justice unionism : strategies for transformation.
|
| 533 |
|
|
|a Electronic reproduction. Ann Arbor, MI : ProQuest, 2015. Available via World Wide Web. Access may be limited to ProQuest affiliated libraries.
|
| 610 |
2 |
0 |
|a AFL-CIO.
|
| 650 |
|
0 |
|a Labor movement
|z United States
|x History.
|
| 655 |
|
4 |
|a Electronic books.
|
| 700 |
1 |
|
|a Gapasin, Fernando,
|d 1946-
|
| 710 |
2 |
|
|a ProQuest (Firm)
|
| 856 |
4 |
0 |
|u https://ebookcentral.proquest.com/lib/matrademy/detail.action?docID=837198
|z Click to View
|